[Event "Reykjavik op"]
[Site "Reykjavik"]
[Date "2023.04.03"]
[Round "8"]
[White "Jonsson, Tristan Fannar"]
[Black "Hedman, Viktor Mattias Laro"]
[Result "1/2-1/2"]
[WhiteElo "1164"]
[BlackElo "1257"]
[PlyCount "70"]
[EventDate "2023.03.29"]
[EventType "swiss"]
[EventRounds "9"]
[EventCountry "ISL"]
[SourceTitle "EXT 2024"]
[Source "ChessBase"]
[SourceDate "2023.10.10"]
[SourceVersion "1"]
[SourceVersionDate "2023.10.10"]
[SourceQuality "1"]

1. e4 e5 2. Nf3 Nc6 3. d4 exd4 4. Bc4 Nf6 5. e5 d5 6. Bb5 Ne4 7. Nxd4 Bd7 8. Bxc6 bxc6 9. 0-0 Bc5 10. f3 Ng5 11. f4 Ne4 12. Be3 0-0 13. Nd2 Nxd2 14. Qxd2 Bb6 15. c3 c5 16. Nf3 Bb5 17. Rfe1 Qd7 18. Rad1 Rad8 19. Kh1 Qg4 20. b3 d4 21. c4 Bc6 22. Rf1 Be4 23. h3 Qh5 24. a4 c6 25. Bg1 f6 26. Qe2 Bxf3 27. Qxf3 Qxf3 28. Rxf3 a5 29. e6 Rfe8 30. f5 g6 31. g4 gxf5 32. gxf5 Bc7 33. Bh2 Bxh2 34. Kxh2 h5 35. h4 Kh7 1/2-1/2